Intermetallics : Structures, Properties, and Statistics /

Salvato in:
Dettagli Bibliografici
Autori principali: Steurer , Walter (Autore), Dshemuchadse, Julia (Autore)
Natura: Libro
Lingua:inglese
Pubblicazione: Oxford Oxford University Press 2016
Serie:IUCr Monographs on Crystallography 26
Soggetti:
Tags: Aggiungi Tag
Nessun Tag, puoi essere il primo ad aggiungerne!!

MARC

LEADER 00000nam a22000003a 4500
001 0085380
003 SK-STU
005 20201211135402.1
007 ta
008 201211s ----xo-----e------000-0-----d
020 |a 978-0-19-871455-2 
040 |a STU  |b slo 
041 0 |a eng 
044 |a xxk 
100 1 |a Steurer , Walter  |4 aut 
245 1 0 |a Intermetallics :  |b Structures, Properties, and Statistics /  |c aut. Walter Steurer, Julia Dshemuchadse 
260 |a Oxford  |b Oxford University Press  |c 2016 
300 |a 570 s. 
490 0 |a IUCr Monographs on Crystallography  |v 26 
650 0 7 |a intermetalické zlúčeniny 
700 1 |a Dshemuchadse, Julia  |4 aut 
996 |b 284M088532  |c M* 14425-1  |l MMST  |s A  |a 24  |w 0085380_0001